Iconic Glee Songs - Statistics

General Stats
  • This quiz has been taken 87 times
  • The average score is 6 of 10
Answer Stats
Song Artist/Musical % Correct
Which rock band sung Don't Stop Believin'? Journey
95%
Which solo artist sung Teenage Dream? Katy Perry
93%
Which musical is Defying Gravity from? Wicked
89%
Which musical features Don't Rain on My Parade? Funny Girl
79%
Who first released Dream On? Aerosmith
66%
Who originally released Total Eclipse of the Heart? Bonnie Tyler
58%
Who first released Forget You? CeeLo Green
54%
Who originally released River Deep Mountain High? Tina Turner
49%
Which musical is Maybe This Time from? Cabaret
24%
Which American singer-songwriter released Lucky? Colbie Caillat
8%
No matching quizzes found
Score Distribution
Percent of People with Each Score
Percentile by Number Answered
Your Score History
You have not taken this quiz